|
|
|
|
| LEADER |
00000nab a2200000 a 4500 |
| 001 |
vtls000565792 |
| 003 |
SK-MaSNL |
| 005 |
20260304214118.0 |
| 008 |
120929c1995 xo 0 slo |
| 015 |
|
|
|a SNBRB19rr/mm-uuuuu
|
| 035 |
|
|
|a CL0565930
|
| 040 |
|
|
|a SNKBUCL
|b slo
|c SNKBUCL
|e AACR2
|
| 041 |
0 |
|
|a slo
|
| 044 |
|
|
|a xo
|c SK
|
| 080 |
|
|
|a 342.732:342.727:659.3
|2 1981
|
| 080 |
|
|
|a 342.727
|2 1981
|
| 080 |
|
|
|a 659.3
|2 1981
|
| 100 |
1 |
|
|a Čapková, Anna,
|d 1957-
|4 aut
|9 7212
|
| 245 |
1 |
0 |
|a Kupčenie s verejnou mienkou
|c Anna Čapková
|
| 650 |
0 |
7 |
|a masmédiá
|2 snkbucl
|9 1418
|
| 650 |
0 |
7 |
|a sloboda slova
|2 snkbucl
|9 510720
|
| 650 |
0 |
7 |
|a sloboda tlače
|2 snkbucl
|9 2173
|
| 655 |
|
7 |
|a články z novín a časopisov
|2 snkbucl
|9 267496
|
| 773 |
0 |
|
|t Národná obroda
|g Roč. 6, č. 263 (14. 11. 1995), s. 3
|
| 850 |
|
|
|a Slovenská národná knižnica v Martine
|a MTA001
|
| 852 |
|
|
|a SNK
|b KIS3GCP
|
| 958 |
|
|
|a RK
|
| 992 |
|
|
|a RBX
|
| 999 |
|
|
|c 3139529
|d 3141459
|